000 01382naa a22003137a 4500
001 BR8602861
003 BR-BrBNA
005 20240918175724.0
007 ta
008 230509b bl.||||| |||| 00| 0 por d
040 _aBR-BrBNA
_bpor
_cBiblioteca Nacional de Agricultura
041 _a(Pt)
072 _aH60
_b0240
_b3876
090 _aH60 BR8602861
100 1 _aRocchi, C.E. de
100 1 _aGandolfi, V.H.
100 1 _aChielle, M.C.P.
111 1 _a14. Reuniao Tecnica Anual do Sorgo
_cPorto Alegre, RS (Brazil)
_d20-23 Aug 1985
245 1 _aViabilidade de uso do herbicida metolacloro, sua mistura com atrazina e do herbicida alacloro no controle de invasoras do sorgo sacarino (Sorghum bicolor (L.)Moench)
246 1 _a[Viability of using the metolachlorine herbicide, its mixture with atrazine and alachlorine on weed control of saccharine sorghum (Sorghum bicolor (L.)Moench)]
246 1 _a[Annals of the 14. Technical Yearly Meeting of Sorghum]
260 3 _aPorto Alegre, RS (Brasil):
_c1985.
500 _aAnais da 14. Reuniao Tecnica Anual do Sorgo Porto Alegre, RS (Brasil): 1985. p. 76-81 (BR8602861-AM)H60
650 _aSORGO ACUCAREIRO
650 _aHERBICIDA
773 0 _tAnais da 14. Reuniao Tecnica Anual do Sorgo
_wH60 BR8602861
_gPorto Alegre, RS (Brasil), 1985. p. 76-81
909 _a202404
_bLucia
_c55
_dLucia Elande
942 _cAM
_2AGRIS
999 _c317890
_d317890